Valtioita kuvien mukaan #1 - Statistics

Yleistilastot
  • Tätä visaa on pelattu 4 338 kertaa
  • Keskiarvotulos 10 / 15
Vastaustilastot
Kuvavisa Vastaus % Oikein
Australia
93%
Brasilia
92%
Japani
92%
Venäjä
91%
Islanti
82%
Intia
80%
Saksa
73%
Thaimaa
66%
Yhdistyneet arabiemiraatit
62%
Meksiko
56%
Kanada
53%
Norja
36%
Israel | Palestiina
34%
Venezuela
24%
Uusi-Seelanti
16%
Ehtoja vastaavia visoja ei löytynyt
Tulosjakauma
Jokaisen tuloksen saaneiden osuus
Persentiili vastausten määrän mukaan
Tuloshistoriasi
Et ole pelannut tätä visaa